③中部地方の市町村人口ランキング - Statistics

General Stats
  • This quiz has been taken 741 times
  • The average score is 42 of 50
Answer Stats
順位 人口 県名 Answer % Correct
1位 2,326,683 愛知県 名古屋市
100%
3位 772,388 新潟県 新潟市
100%
4位 677,286 静岡県 静岡市
100%
5位 457,717 石川県 金沢市
100%
7位 406,547 富山県 富山市
100%
2位 779,780 静岡県 浜松市
99%
6位 416,127 愛知県 豊田市
99%
8位 396,130 岐阜県 岐阜市
99%
12位 364,712 長野県 長野市
99%
11位 365,346 愛知県 豊橋市
98%
15位 256,706 福井県 福井市
98%
17位 238,559 長野県 松本市
98%
18位 187,457 山梨県 甲府市
98%
9位 381,893 愛知県 岡崎市
96%
14位 258,777 新潟県 長岡市
95%
10位 374,479 愛知県 一宮市
94%
16位 241,103 静岡県 富士市
94%
21位 183,890 静岡県 沼津市
92%
25位 161,637 富山県 高岡市
91%
26位 155,752 岐阜県 大垣市
91%
22位 181,809 新潟県 上越市
90%
13位 305,319 愛知県 春日井市
87%
28位 151,158 長野県 上田市
86%
37位 113,340 静岡県 掛川市
86%
30位 142,403 岐阜県 各務原市
84%
40位 104,907 静岡県 三島市
84%
41位 104,715 石川県 小松市
84%
19位 186,303 愛知県 安城市
83%
20位 184,245 愛知県 豊川市
82%
24位 164,115 静岡県 磐田市
82%
32位 134,199 静岡県 焼津市
82%
46位 94,851 長野県 飯田市
82%
39位 109,486 石川県 白山市
79%
42位 103,489 岐阜県 多治見市
79%
27位 153,599 愛知県 刈谷市
78%
35位 124,989 静岡県 富士宮市
78%
29位 146,352 愛知県 小牧市
77%
44位 97,408 長野県 佐久市
74%
31位 138,438 静岡県 藤枝市
73%
34位 126,229 愛知県 瀬戸市
71%
47位 93,681 静岡県 島田市
71%
23位 167,907 愛知県 西尾市
70%
38位 112,528 愛知県 東海市
67%
49位 93,176 愛知県 大府市
66%
36位 115,713 愛知県 半田市
64%
33位 132,133 愛知県 稲沢市
63%
43位 98,594 岐阜県 可児市
63%
48位 93,276 長野県 安曇野市
61%
50位 93,006 愛知県 日進市
56%
45位 96,593 愛知県 江南市
50%
No matching quizzes found
Score Distribution
Percent of People with Each Score
Percentile by Number Answered
Your Score History
You have not taken this quiz